Practical astronomy.

Bibliographic Details
Main Author: Nassau, Jason John, 1893-1965
Format: Book
Language:English
Published: New York : McGraw-Hill Book Co., 1948.
Edition:2d ed.
Series:McGraw-Hill astronomical series.
Subjects:

MARC

Tag First Indicator Second Indicator Subfields
LEADER 00000cam a2200000 4500
001 in00000050204
005 20151007065820.0
008 730108s1948 nyu 00000 eng u
010 |a  48007632  
035 |a (OCoLC)00530736 
035 |9 AAE2739AM 
040 |c WSU  |d TXA  |d UtOrBLW 
049 |a TXAM  |c [159331] 
050 0 |a QB145  |b .N3 1948 
082 0 |a 522 
092 |a 522  |b N266p2 
100 1 |a Nassau, Jason John,  |d 1893-1965. 
245 1 0 |a Practical astronomy. 
250 |a 2d ed. 
264 1 |a New York :  |b McGraw-Hill Book Co.,  |c 1948. 
300 |a xii, 311 pages :  |b illustrations, map. ;  |c 24 cm. 
336 |a text  |b txt  |2 rdacontent 
337 |a unmediated  |b n  |2 rdamedia 
338 |a volume  |b nc  |2 rdacarrier 
490 1 |a McGraw-Hill astronomical series 
500 |a First edition pub. in 1932 under title: A textbook of practical astronomy. 
650 0 |a Spherical astronomy. 
830 0 |a McGraw-Hill astronomical series. 
999 |a MARS 
999 f f |s 78cc8943-6afd-38f9-993b-df21c4a79353  |i c3545d19-31b2-30cb-aca8-7b52a9495741  |t 0 
952 f f |p ric  |a Texas A&M University  |b Rellis Campus  |c Joint Library Facility  |d Remote Storage  |t 0  |e QB145 .N3 1948  |h Library of Congress classification  |i unmediated -- volume  |m A14800899236 
998 f f |a QB145 .N3 1948  |t 0  |l Remote Storage